7ps of the online blended learning of southville international school affiliated foreign university (Record no. 367124)
[ view plain ]
| 000 -LEADER | |
|---|---|
| fixed length control field | 00868nam a22002057a 4500 |
| 003 - CONTROL NUMBER IDENTIFIER | |
| control field | 0 |
| 005 - DATE AND TIME OF LATEST TRANSACTION | |
| control field | 20250204160309.0 |
| 008 - FIXED-LENGTH DATA ELEMENTS--GENERAL INFORMATION | |
| fixed length control field | 250204b xxu||||| |||| 00| 0 eng d |
| 050 ## - LIBRARY OF CONGRESS CALL NUMBER | |
| Classification number | LB 2395.7 |
| Item number | .M37 2023 |
| 100 ## - MAIN ENTRY--PERSONAL NAME | |
| Personal name | Martinez, Mary Joy A. |
| 245 ## - TITLE STATEMENT | |
| Title | 7ps of the online blended learning of southville international school affiliated foreign university |
| Remainder of title | basis for proposed marketing strategy model. |
| Statement of responsibility, etc | Mary Joy A. Martinez |
| 260 ## - PUBLICATION, DISTRIBUTION, ETC. (IMPRINT) | |
| Place of publication, distribution, etc | Las Pinas City |
| Name of publisher, distributor, etc | Southville International School and Colleges |
| Date of publication, distribution, etc | 2023 |
| 300 ## - PHYSICAL DESCRIPTION | |
| Extent | iv, 233 pages: |
| Other physical details | colored illustration; |
| Dimensions | 28cm. |
| 500 ## - GENERAL NOTE | |
| General note | Master in Business Administration. |
| 504 ## - BIBLIOGRAPHY, ETC. NOTE | |
| Bibliography, etc | Includes bibliographical references and appendices. |
| 650 ## - SUBJECT ADDED ENTRY--TOPICAL TERM | |
| Topical term or geographic name as entry element | 7Ps Marketing Model in Education |
| 650 ## - SUBJECT ADDED ENTRY--TOPICAL TERM | |
| Topical term or geographic name as entry element | Online and Blended Learning – Philippines. |
| 650 ## - SUBJECT ADDED ENTRY--TOPICAL TERM | |
| Topical term or geographic name as entry element | Marketing Strategies for Higher Education. |
| 942 ## - ADDED ENTRY ELEMENTS (KOHA) | |
| Source of classification or shelving scheme | Library of Congress Classification |
| Koha item type | Theses |
| Withdrawn status | Lost status | Source of classification or shelving scheme | Damaged status | Home library | Current library | Shelving location | Date acquired | Source of acquisition | Sub Shelving location | Total Checkouts | Full call number | Barcode | Date last seen | Price effective from | Koha item type |
|---|---|---|---|---|---|---|---|---|---|---|---|---|---|---|---|
| Library of Congress Classification | College Library | College Library | Theses Section | 02/04/2025 | Donation | LB 2395.7 .M37 2023 | T1338 | 02/04/2025 | 02/04/2025 | Theses |